| 000 | 00000nam##2200000za#4500 |
| 001 | 9.570191 |
| 003 | CaOODSP |
| 005 | 20210624182126 |
| 007 | cr ||||||||||| |
| 008 | 150406|2007||||xxc|||||o f|0| 0 eng|d |
| 040 | |aCaOODSP|beng |
| 043 | |an-cn--- |
| 086 | 1 |aNM95-57/9-8-2007E-PDF |
| 110 | 1 |aCanada.|bCanadian Heritage. |bCanadian Conservation Institute. |
| 245 | 10|aMechanical removal of rust from machined ferrous surfaces / |h[electronic resource]|cby George Prytulak. |
| 250 | |aRev. 2007 |
| 260 | |aOttawa - Ontario : |bCanadian Heritage. |cc2007. |
| 300 | |a4p. |
| 490 | 1 |aCCI Notes|v9/8 |
| 500 | |a"Originally published 1996. Revised 2007"--p.4 of 4. The catalogue number (NM95-57/9-8-2007E) and ISSN (0714-6221) for the print edition have been incorrectly copied in this electronic publication. |
| 504 | |aBibliography. |
| 590 | |a11-21-Supp|b2011-09-30 |
| 720 | 1 |aPrytulak, George |
| 775 | 08|tÉlimination méchanique de la rouille sur les surfaces usinées / |w(CaOODSP)9.600955 |
| 830 | #0|aCCI notes ;|v9/8|w(CaOODSP)9.506353 |
| 856 | 40|ahttp://publications.gc.ca|qPDF|s227 KB|uhttps://publications.gc.ca/collections/collection_2011/pc-ch/NM95-57-9-8-2007-eng.pdf|y9/8 |